000 00544nam a2200217 454500
001 024105
003 BD-ChCU
008 Eng
020 _ax
040 _aDLC
_cDLC
_dBD-ChCU
082 0 0 _a303.6098/DUV
100 1 _aDuff, Ernest A.
_bMccamant, John P.
245 1 0 _aViolence & repression in latin america; a quantitative & historical analysis
_bx
250 _ax
260 _aN.Y.
_bFree
_c1976
300 _axii, 322
504 _ax
650 0 _aVilence
_bLatin america social conditions
700 1 _ax
942 _2ddc
_cBK
999 _c24105
_d24105